|
|
|
|
| LEADER |
00000nas a2200000 a 4500 |
| 001 |
ssj0046991 |
| 003 |
WaSeSS |
| 005 |
20200512172242.0 |
| 006 |
m d |
| 007 |
cr n |
| 008 |
050615c20059999nz ar ss 0 0eng c |
| 010 |
|
|
|a 2011250823
|
| 016 |
7 |
|
|a 2180573-8
|2 DE-600
|
| 022 |
|
|
|a 1178-203X
|l 1176-6336
|y 1176-6336
|
| 035 |
|
|
|a (WaSeSS)ssj0046991
|
| 040 |
|
|
|a OCLCS
|b eng
|c OCLCS
|d VRC
|d HEBIS
|d OCLCQ
|d BUF
|d OCLCQ
|d CUS
|d OCLCF
|d VT2
|d EUW
|d OCLCQ
|d OCLCO
|d OCLCQ
|d WY@
|d AU@
|d OCLCO
|d WYU
|d AUD
|d WaSeSS
|
| 042 |
|
|
|a pcc
|
| 050 |
1 |
4 |
|a RM1
|
| 060 |
0 |
0 |
|a W1
|b TH171
|
| 130 |
0 |
|
|a Therapeutics and clinical risk management (Online)
|
| 245 |
1 |
0 |
|a Therapeutics and clinical risk management
|h [electronic resource].
|
| 260 |
|
|
|a [Albany, Auckland] :
|b Dove Medical Press Ltd.
|
| 310 |
|
|
|a Annual,
|b 2009-
|
| 321 |
|
|
|a Four no. a year,
|b 2005-2006
|
| 321 |
|
|
|a Six no. a year,
|b 2007-2008
|
| 362 |
1 |
|
|a Began with v. 1, no. 1 (2005).
|
| 506 |
|
|
|a License restrictions may limit access.
|
| 515 |
|
|
|a Beginning with 2009, articles are added consecutively to the current annual volume.
|
| 538 |
|
|
|a Mode of access: World Wide Web.
|
| 588 |
|
|
|a Description based on: Vol. 1, no. 1 (2005); title from PDF running title (publisher's Web site, viewed July 5, 2011).
|
| 588 |
|
|
|a Latest issue consulted: V. 7 (2001) (viewed July 5, 2011).
|
| 650 |
|
0 |
|a Therapeutics
|v Periodicals.
|
| 650 |
|
0 |
|a Clinical trials
|v Periodicals.
|
| 650 |
|
7 |
|a Clinical trials.
|2 fast
|0 (OCoLC)fst00864429
|
| 650 |
|
7 |
|a Therapeutics.
|2 fast
|0 (OCoLC)fst01149694
|
| 650 |
1 |
2 |
|a Clinical Trials as Topic
|v Periodicals.
|
| 650 |
2 |
2 |
|a Therapies, Investigational
|v Periodicals.
|
| 655 |
|
0 |
|a Electronic journals.
|
| 776 |
0 |
8 |
|i Print version -2008:
|t Therapeutics and clinical risk management
|x 1176-6336
|w (DLC) 2006243617
|w (OCoLC)60534739
|
| 856 |
4 |
0 |
|z Full text available from Research Library: 01/01/2005 to present
|u https://search.proquest.com/publication/3933272
|